| 000 | 00679nam a22001817a 4500 | ||
|---|---|---|---|
| 003 | BD-DhUL | ||
| 005 | 20161005161724.0 | ||
| 008 | 161005s2000 bg a|||| |||| 000 0 ben d | ||
| 040 |
_aBD-DhUL _cBD-DhUL |
||
| 082 | 0 |
_a070 _bAWN |
|
| 100 | 1 | _aআবুহেনা আবদুল আউয়াল | |
| 245 | 1 | 0 |
_aনজরুলের সাংবাদিকতা / _cআবুহেনা আবদুল আউয়াল |
| 260 |
_aঢাকা : _bনজরুল ইনস্টিটিউট, _c২০০০ |
||
| 300 |
_a৯৮ পৃ. ; _c২২সে.মি. |
||
| 650 | 0 | _aসাংবাধিকতা | |
| 650 | 0 | _aJournalists - Biography | |
| 942 |
_2ddc _cBK |
||
| 999 |
_c106707 _d106707 |
||